| 000 -LEADER |
| fixed length control field |
01539nam a22003497a 4500 |
| 001 - CONTROL NUMBER |
| control field |
4976676 |
| 003 - CONTROL NUMBER IDENTIFIER |
| control field |
Nust |
| 005 - DATE AND TIME OF LATEST TRANSACTION |
| control field |
20170414180859.0 |
| 007 - PHYSICAL DESCRIPTION FIXED FIELD--GENERAL INFORMATION |
| fixed length control field |
hduafb---bacp |
| 007 - PHYSICAL DESCRIPTION FIXED FIELD--GENERAL INFORMATION |
| fixed length control field |
hdubfb---baap |
| 008 - FIXED-LENGTH DATA ELEMENTS--GENERAL INFORMATION |
| fixed length control field |
970904s1909 enk a 001 0 eng |
| 010 ## - LIBRARY OF CONGRESS CONTROL NUMBER |
| LC control number |
97907112 |
| 025 ## - OVERSEAS ACQUISITION NUMBER |
| Overseas acquisition number |
NBIL-10649 |
| 040 ## - CATALOGING SOURCE |
| Original cataloging agency |
DLC |
| Transcribing agency |
DLC |
| 042 ## - AUTHENTICATION CODE |
| Authentication code |
lcode |
| 043 ## - GEOGRAPHIC AREA CODE |
| Geographic area code |
a-ii--- |
| 050 00 - LIBRARY OF CONGRESS CALL NUMBER |
| Classification number |
Microfilm BUL-ENG-506 (D) |
| 082 ## - DEWEY DECIMAL CLASSIFICATION NUMBER |
| Classification number |
915.4 |
| Author Mark |
OAT |
| 100 1# - MAIN ENTRY--PERSONAL NAME |
| Personal name |
Oaten, Edward Farley. |
| 245 10 - TITLE STATEMENT |
| Title |
European travellers in India |
| Medium |
[microform] : |
| Remainder of title |
during the fifteenth, sixteenth, and seventeenth centuries, the evidence afforded by them with respect to Indian social institutions & the nature & influence of Indian Government / |
| Statement of responsibility, etc. |
by Edwd. [i.e. Edward] Farley Oaten. |
| 260 ## - PUBLICATION, DISTRIBUTION, ETC. |
| Place of publication, distribution, etc. |
London : |
| Name of publisher, distributor, etc. |
Kegan Paul, Trench, Trübner and Co., |
| Date of publication, distribution, etc. |
1909. |
| 300 ## - PHYSICAL DESCRIPTION |
| Extent |
xiv, 274, [1] p. ; |
| Dimensions |
18 cm. |
| 500 ## - GENERAL NOTE |
| General note |
Includes index. |
| 533 ## - REPRODUCTION NOTE |
| Type of reproduction |
Microfilm. |
| Place of reproduction |
New Delhi : |
| Agency responsible for reproduction |
Library of Congress Office ; |
| Place of reproduction |
Chicago : |
| Agency responsible for reproduction |
Available from Center for Research Libraries, |
| Date of reproduction |
1996. |
| Physical description of reproduction |
On 1 microfilm reel with other items ; 35 mm. |
| Series statement of reproduction |
(SAMP early 20th-century Indian books project ; item 10649) |
| Note about reproduction |
Master microform held by: ICRL. |
| 651 #0 - SUBJECT ADDED ENTRY--GEOGRAPHIC NAME |
| Geographic name |
India |
| General subdivision |
Description and travel. |
| 651 #0 - SUBJECT ADDED ENTRY--GEOGRAPHIC NAME |
| Geographic name |
India |
| General subdivision |
Social conditions. |
| 651 #0 - SUBJECT ADDED ENTRY--GEOGRAPHIC NAME |
| Geographic name |
India |
| General subdivision |
Politics and government. |
| 830 #0 - SERIES ADDED ENTRY--UNIFORM TITLE |
| Uniform title |
SAMP early 20th-century Indian books project ; |
| Volume/sequential designation |
item 10649. |
| 906 ## - LOCAL DATA ELEMENT F, LDF (RLIN) |
| a |
7 |
| b |
cbc |
| c |
origode |
| d |
5 |
| e |
ncip |
| f |
19 |
| g |
y-genmicro |
| 942 ## - ADDED ENTRY ELEMENTS (KOHA) |
| Source of classification or shelving scheme |
|
| Koha item type |
Book |